000 00476nam a2200181Ia 4500
001 9463
005 20260306161720.0
008 260306t2008||||xx |||||||||||||| ||spa||
041 _aESP
082 _a379.11
_bB38
100 _aBeltrán, Arlette
_eAUT
245 0 _aHacia un programa de crédito de largo plazo para la educación superior en el Perú
260 _c2008
300 _a92 páginas :
_c20 cm.
650 _aGEN
654 _aCED
942 _cLIB
_dJUS
_fJUS
_2ddc
_n
999 _c9463
_d9463